Mots de la langue française terminés par "eche" - Statistiques

Statistiques générales
  • Ce quiz a été pris 171 fois
  • Le résultat moyen est 13 sur 26
Statistiques - réponses
Indice Mot % Correct
outil de jardin bêche
96%
fruit pêche
96%
garderie crèche
95%
.... de cheveux mèche
94%
misère (familier) dèche
90%
ouverture brèche
86%
voiture calèche
80%
07 Ardèche
77%
cigarette (familier) sèche
77%
ivre éméché
55%
mijaurée pimbêche
55%
circonscription ecclésiastique évêché
54%
petite parcelle de matière enflammée qui s'élève ou jaillit d'un feu flammèche
54%
acariâtre revêche
52%
trait flèche
49%
appât eche
40%
abîmé ébréché
36%
sauce escabèche
28%
pie .... grièche
22%
chouette chevêche
19%
correspondance dépêche
16%
tarte flambée flammekueche
14%
résidu de céréale drêche
9%
disque adapté aux chandeliers et destiné à recueillir la cire qui coule bobèche
4%
pièce de fortification permettant de jeter des projectiles bretèche
4%
poisson badèche
0%
Aucun quiz correspondant
Distribution des résultats
% des personnes avec chaque résultat
Percentile par nombre de réponses
Votre historique - résultats
Vous n’avez pas pris ce quiz